Statistics for Cities By Wikipedia Word Clouds A-Z

Click here to take the quiz!

General Stats

  • This quiz has been taken 40 times
    (11 since last reset)
  • The average score is 15 of 26

Answer Stats

Word CloudAnswer% Correct
Made with WordClouds.comChicago
100%
Made with WordClouds.comAuckland
89%
Made with WordClouds.comEdinburgh
89%
Made with WordClouds.comIstanbul
78%
Made with WordClouds.comKarachi
78%
Made with WordClouds.comMelbourne
78%
Made with WordClouds.comRotterdam
67%
Made with WordClouds.comWarsaw
67%
Made with WordClouds.comGuadalajara
67%
Made with WordClouds.comHamburg
67%
Made with WordClouds.comJohannesburg
67%
Made with WordClouds.comLima
67%
Made with WordClouds.comPhnom Penh
67%
Made with WordClouds.comXian
56%
Made with WordClouds.comVancouver
56%
Made with WordClouds.comTunis
56%
Made with WordClouds.comZürich
56%
Made with WordClouds.comFukuoka
56%
Made with WordClouds.comSuva
44%
Made with WordClouds.comBelo Horizonte
44%
Made with WordClouds.comDar es Salaam
44%
Made with WordClouds.comNur-Sultan
44%
Made with WordClouds.comQom
33%
Made with WordClouds.comÜrümqi
33%
Made with WordClouds.comYekaterinburg
33%
Made with WordClouds.comOran
11%

Score Distribution

Percentile by Number Answered

Percent of People with Each Score

Your Score History

You have not taken this quiz since the last reset